000 00604pam a2200193 a 4500
020 _a0471097632
050 0 0 _aQA 21
_b.B7 1989
100 1 _aBoyer, Carl B.
_d1906-1976.
245 1 2 _aA history of mathematics /
_cCarl B. Boyer.
250 _a2nd ed. /
_brevised by Uta C. Merzbach.
260 _aNew York :
_bWiley,
_cc1989.
300 _axviii, 762 p. :
500 _aIncludes index.
650 0 _xHistory.
700 1 _aMerzbach, Uta C.,
856 4 2 _uhttp://www.loc.gov/catdir/description/wiley032/89005325.html
856 4 _uhttp://www.loc.gov/catdir/toc/onix02/89005325.html
942 _2lcc
_cGEN
999 _c8995
_d8995